Rule of the 'lawless law': (Record no. 506414)

000 -LEADER
fixed length control field 00457nam a2200157Ia 4500
008 - FIXED-LENGTH DATA ELEMENTS--GENERAL INFORMATION
fixed length control field 181130s2018 xx 000 0 und d
100 ## - MAIN ENTRY--PERSONAL NAME
Personal name Bhawnani, Gaurav
245 ## - TITLE STATEMENT
Title Rule of the 'lawless law':
Remainder of title detentions under the public safety act in Kashmir
260 ## - PUBLICATION, DISTRIBUTION, ETC.
Date of publication, distribution, etc. 2018
300 ## - PHYSICAL DESCRIPTION
Extent p.36-41.
504 ## - BIBLIOGRAPHY, ETC. NOTE
-- 19-May
650 ## - SUBJECT ADDED ENTRY--TOPICAL TERM
Topical term or geographic name entry element Public safety
650 ## - SUBJECT ADDED ENTRY--TOPICAL TERM
Topical term or geographic name entry element Public safety act - Kashmir
773 ## - HOST ITEM ENTRY
Main entry heading Economic and Political Weekly
906 ## - LOCAL DATA ELEMENT F, LDF (RLIN)
a Public safety
Holdings
Withdrawn status Lost status Damaged status Not for loan Permanent Location Current Location Date acquired Serial Enumeration / chronology Barcode Date last seen Price effective from Koha item type
        Indian Institute of Public Administration Indian Institute of Public Administration 2018-12-07 53(20), 19-May, 2018: p.36-41. AR118209 2018-12-07 2018-12-07 Articles

Powered by Koha